| 000 | 00449nam a22001457a 4500 | ||
|---|---|---|---|
| 008 | 190618b ||||| |||| 00| 0 eng d | ||
| 020 | _a9781107439566 | ||
| 082 | _a428.24 THA | ||
| 100 | _aThaine, Craig | ||
| 245 |
_aCambridge academic English : _bAn integrated skills course for EAP Student`s book Intermediate |
||
| 260 |
_aCambridge : _bCambridge University Press, _c2012. |
||
| 300 |
_a176 p _c28 cm. |
||
| 700 | _aMcCarthy, Craig | ||
| 942 | _2ddc | ||
| 999 |
_c7987 _d7988 |
||